Margins of faith : (Record no. 43701)

MARC details
000 -LEADER
fixed length control field 02855cam a22003618a 4500
005 - DATE AND TIME OF LATEST TRANSACTION
control field 20100603115815.0
010 ## - LCCN (DPL NO)
LC control number ENG-101411 B-428431-432
020 ## - INTERNATIONAL STANDARD BOOK NUMBER
International Standard Book Number 9788132104674
Terms of availability 695.00
035 ## - SYSTEM CONTROL NUMBER
System control number EN-84944
035 ## - SYSTEM CONTROL NUMBER
System control number B-428431-432
037 ## - SOURCE OF ACQUISITION
Source of stock number/acquisition DBAD/PUB
037 ## - SOURCE OF ACQUISITION
Source of stock number/acquisition Researchco Book Centre
082 00 - DEWEY DECIMAL CLASSIFICATION NUMBER
Classification number 275.4008694
245 00 - TITLE STATEMENT
Title Margins of faith :
Remainder of title Dalit and tribal Christianity in India /
Statement of responsibility, etc edited by Rowena Robinson [and] Joseph Marianus Kujur
260 ## - PUBLICATION, DISTRIBUTION, ETC. (IMPRINT)
Place of publication, distribution, etc New Delhi
Name of publisher, distributor, etc Sage Publications
Date of publication, distribution, etc 2010
270 ## - ADDRESS
Address B1/I-1 Mohan Cooperative Industrial Area Mathura Road
City New Delhi
Postal code 110044
300 ## - PHYSICAL DESCRIPTION
Extent viii,299p.
Dimensions 24cm (Hb)
500 ## - GENERAL NOTE
General note Includes bibliographical references and index.
505 0# - FORMATTED CONTENTS NOTE
Formatted contents note Tribal church in the margins: Oraons of central India / Joseph Marianus Kujur -- Dalit encounter with Christianity: change and continuity / S.M. Michael -- Margins of faith: Dalits and tribal Christians in eastern India / Jose Kalapura -- Varieties of Dalit Christianity in north India / John C.B. Webster -- Christian piety and the emergence of Hindu nationalism in central India / Peggy Froerer -- Legally Hindu: Dalit Lutheran Christians of coastal Andhra Pradesh / Ashok Kumar M. and Rowena Robinson -- Contradiction and change in the Mizo Church / Lakshmi Bhatia -- The broken mirror: John Masih's journey from Isai to Dalit / Mathew N. Schmalz -- Christianization, hinduization and indigenous revivalism among the tribals of Gujarat / Lancy Lobo -- The Catholic Church and Dalit Christian activism in contemporary Tamil Nadu / David Mosse -- Identity, conversion and violence: Dalits, Adivasis and the 2007-08 riots in Orissa / Chad M. Bauman.
650 #0 - SUBJECT ADDED ENTRY--TOPICAL TERM
Topical term or geographic name as entry element Christianity
Geographic subdivision India.
650 #0 - SUBJECT ADDED ENTRY--TOPICAL TERM
Topical term or geographic name as entry element Church and minorities
Geographic subdivision India.
650 #0 - SUBJECT ADDED ENTRY--TOPICAL TERM
Topical term or geographic name as entry element Dalits
Geographic subdivision India
General subdivision Religion.
650 #0 - SUBJECT ADDED ENTRY--TOPICAL TERM
Topical term or geographic name as entry element Marginality, Social
Geographic subdivision India.
650 #0 - SUBJECT ADDED ENTRY--TOPICAL TERM
Topical term or geographic name as entry element Marginality, Social
General subdivision Religious aspects
-- Christianity.
700 1# - ADDED ENTRY--PERSONAL NAME
Personal name Robinson, Rowena,
Dates associated with a name 1967-
9 (RLIN) 18254
700 1# - ADDED ENTRY--PERSONAL NAME
Personal name Kujūra, Josepha Mariyānusa.
9 (RLIN) 18255
942 ## - ADDED ENTRY ELEMENTS (KOHA)
Source of classification or shelving scheme Dewey Decimal Classification
Item type English Books
Classification part 275.4008694
Call number suffix MAR
Holdings
Withdrawn status Lost status Not for loan Collection code Home library Current library Date acquired Source of acquisition Cost, normal purchase price Full call number Barcode Copy number Cost, replacement price Koha item type
      Non-fiction Central Library Central Library 11/08/2011 Researchco Book Centre/22425/2010-11/17.3.11/76/4.3.11/30.3.11 695.00 275.4008694 MAR B-428431 2 695.00 English Books
      Non-fiction Central Library Central Library 11/08/2011 Researchco Book Centre/22425/2010-11/17.3.11/76/4.3.11/30.3.11 695.00 275.4008694 MAR B-428432 2 695.00 English Books
    Not For Loan Non-fiction D.B.Act.Division D.B.Act.Division 04/09/2010 DBAD/PUB 695.00 275.4008694 MAR EN-84944 1 695.00 English Books

© Delhi Public Library
Hit Counter
free hit counter